[Event "Minsk op"]
[Site "Minsk"]
[Date "2023.11.06"]
[Round "4"]
[White "Vitsiuk, Anton"]
[Black "Vashchilov, Sergey"]
[Result "0-1"]
[WhiteElo "1614"]
[BlackElo "2033"]
[PlyCount "96"]
[EventDate "2023.11.03"]
[EventType "swiss"]
[EventRounds "9"]
[EventCountry "BLR"]
[SourceTitle "CB46_2023"]
[SourceDate "2023.11.15"]
[SourceVersion "1"]
[SourceVersionDate "2023.11.15"]
[SourceQuality "1"]

1. e4 e6 2. d4 d5 3. Nc3 Bb4 4. e5 Qd7 5. f4 Ne7 6. Nf3 b6 7. a3 Bxc3+ 8. bxc3 Ba6 9. Bxa6 Nxa6 10. Qd3 Nb8 11. 0-0 Nbc6 12. g4 Na5 13. Nd2 h5 14. g5 Nf5 15. a4 Qc6 16. Ba3 Nc4 17. Nxc4 dxc4 18. Qf3 Qxf3 19. Rxf3 a5 20. Rb1 Kd7 21. Kf2 g6 22. Rh3 Rhb8 23. Kf3 c6 24. Ke4 Rb7 25. Rf3 Ng7 26. Rff1 Ne8 27. Bd6 Nxd6+ 28. exd6 Kxd6 29. Rb2 Rab8 30. Ra2 Rd7 31. Rb1 Kc7 32. Rba1 Rd5 33. h4 Rf5 34. Rb2 Kb7 35. Rab1 Ka6 36. Ke3 b5 37. Ke4 Rd8 38. Ke3 Rf8 39. Ke4 f6 40. Ke3 fxg5 41. fxg5 Rf3+ 42. Ke4 R8f5 43. d5 R3f4+ 44. Ke3 exd5 45. axb5+ cxb5 46. Kd2 d4 47. cxd4 Rxd4+ 48. Ke3 Rxh4 0-1

[Event "Minsk Kupreichik Memorial op"]
[Site "Minsk"]
[Date "2023.04.22"]
[Round "3"]
[White "Efimenko, Timur S"]
[Black "Vashchilov, Sergey"]
[Result "0-1"]
[WhiteElo "1186"]
[BlackElo "2119"]
[PlyCount "53"]
[EventDate "2023.04.21"]
[EventType "swiss"]
[EventRounds "7"]
[EventCountry "BLR"]
[SourceTitle "CBM 214 Extra"]
[Source "ChessBase"]
[SourceDate "2023.07.31"]
[SourceVersion "1"]
[SourceVersionDate "2023.07.31"]
[SourceQuality "1"]

1. e4 e6 2. d4 d5 3. Nc3 Bb4 4. e5 c5 5. a3 Bxc3+ 6. bxc3 Qa5 7. Bd2 Qa4 8. Qg4 Kf8 9. Nf3 Ne7 10. Bd3 c4 11. Be2 Nbc6 12. 0-0 h6 13. Rfc1 Bd7 14. Rab1 b6 15. Nh4 Qa5 16. f4 Nxd4 17. cxd4 Qxd2 18. c3 g5 19. Qf3 gxh4 20. Bxc4 Rc8 21. Bb3 Nf5 22. Rc2 Qe3+ 23. Qxe3 Nxe3 24. Rcc1 Rg8 25. Rb2 Ke7 26. Re2 Nf5 27. Bxd5 0-1

[Event "Orsha op-A 21st"]
[Site "Orsha"]
[Date "2023.01.23"]
[Round "7"]
[White "Aleksandrov, Aleksej"]
[Black "Vashchilov, Sergey"]
[Result "1-0"]
[WhiteElo "2496"]
[BlackElo "2096"]
[PlyCount "179"]
[EventDate "2023.01.19"]
[EventType "swiss"]
[EventRounds "9"]
[EventCountry "BLR"]
[SourceTitle "CBM 212 Extra"]
[Source "ChessBase"]
[SourceDate "2023.03.31"]
[SourceVersion "1"]
[SourceVersionDate "2023.03.31"]
[SourceQuality "1"]

1. d4 d5 2. c4 e6 3. Nc3 Nf6 4. cxd5 exd5 5. Bg5 c6 6. e3 Bf5 7. Qf3 h6 8. Bh4 Bg6 9. Bxf6 Qxf6 10. Qxf6 gxf6 11. Nf3 Nd7 12. Nh4 Be7 13. g3 f5 14. Ng2 a5 15. Bd3 a4 16. f3 b5 17. Kf2 Nb6 18. Rhc1 Nc4 19. b3 axb3 20. axb3 Na3 21. Nf4 0-0 22. Nce2 Rac8 23. Ng2 Kg7 24. Nef4 Kf6 25. Bf1 Bd6 26. Nd3 Rc7 27. Ngf4 Ra8 28. Nc5 Bxf4 29. exf4 Ke7 30. Nd3 Kd6 31. Rc5 f6 32. Bh3 Raa7 33. Nb4 Ra8 34. Kg1 Bh7 35. Kf1 Bg6 36. Rac1 Rac8 37. Ke2 Bh7 38. Kd2 Bg6 39. Ra1 Ra8 40. Kd3 Bh7 41. Bf1 Bg6 42. Kc3 Be8 43. Kb2 Rca7 44. Rcc1 Bd7 45. Ra2 Nc4+ 46. bxc4 Rxa2+ 47. Nxa2 bxc4 48. Rd1 c5 49. Bxc4 dxc4 50. dxc5+ Ke7 51. Nc3 Bc6 52. Rd4 Bxf3 53. Rxc4 h5 54. c6 Rc8 55. c7 Kd7 56. Nb5 Bc6 57. Rd4+ Ke7 58. Nd6 Rxc7 59. Nxf5+ Ke6 60. Ne3 Bf3 61. Rb4 Kf7 62. Rb3 Be4 63. Rb4 Bf3 64. Rb8 Re7 65. Rb3 Kg6 66. Kc1 Rd7 67. Ra3 Be2 68. Ra2 Bf3 69. Rf2 Bg4 70. f5+ Kg5 71. h4+ Kh6 72. Kc2 Rd4 73. Kc3 Ra4 74. Rd2 Re4 75. Kd3 Re5 76. Rf2 Bh3 77. Rf4 Kg7 78. Kd4 Kf7 79. Nc4 Re1 80. Rf3 Rd1+ 81. Kc5 Bg4 82. Rf4 Rd3 83. Nd6+ Kg7 84. Re4 Rxg3 85. Re7+ Kg8 86. Kd5 Bd1 87. Ke6 Rg4 88. Kxf6 Bb3 89. Ne4 Rxh4 90. Re8+ 1-0

[Event "Orsha op-A 21st"]
[Site "Orsha"]
[Date "2023.01.22"]
[Round "5"]
[White "Vashchilov, Sergey"]
[Black "Vershinin, Igor1111"]
[Result "1-0"]
[WhiteElo "2096"]
[BlackElo "1807"]
[PlyCount "125"]
[EventDate "2023.01.19"]
[EventType "swiss"]
[EventRounds "9"]
[EventCountry "BLR"]
[SourceTitle "CBM 212 Extra"]
[Source "ChessBase"]
[SourceDate "2023.03.31"]
[SourceVersion "1"]
[SourceVersionDate "2023.03.31"]
[SourceQuality "1"]

1. Nf3 d5 2. d4 c6 3. Bf4 f5 4. Nbd2 Nf6 5. e3 e6 6. h4 Bd6 7. h5 Qc7 8. Bxd6 Qxd6 9. Ne5 Nbd7 10. f4 b6 11. Bd3 c5 12. c3 Qc7 13. Ndf3 c4 14. Bc2 b5 15. Nxd7 Bxd7 16. Ne5 a5 17. a3 0-0-0 18. Nf7 a4 19. Nxh8 Rxh8 20. Qf3 Rg8 21. 0-0-0 Be8 22. Rh4 g5 23. hxg6 Bxg6 24. Rdh1 Qf7 25. Qh3 Rg7 26. Bd1 h5 27. Bf3 Kc7 28. Kd2 Kc6 29. Ke2 Rh7 30. Qg3 Ng4 31. Qe1 Kb6 32. Kd2 Kc6 33. Bd1 Nf6 34. Bc2 Kd6 35. R4h3 Rg7 36. Qh4 Qe7 37. Ke1 Be8 38. Rg3 Ng4 39. Bd1 Qxh4 40. Rxh4 Ke7 41. Bf3 Kf6 42. Ke2 Bg6 43. Rgh3 Rh7 44. Rh1 Kg7 45. Rd1 Nf6 46. Rh3 Kf7 47. Rg3 Ng4 48. e4 fxe4 49. Bxg4 hxg4 50. Kf2 Bh5 51. Rh1 Kg6 52. Re3 Rf7 53. Kg3 Rf5 54. Rh4 Kh6 55. Re1 Kg7 56. Reh1 Kg6 57. R1h2 Kh6 58. Rxg4 e3 59. Rgh4 Kg6 60. Rh1 e2 61. Kf2 Kh6 62. Ke1 Kg6 63. g4 1-0

[Event "Orsha op-A 21st"]
[Site "Orsha"]
[Date "2023.01.20"]
[Round "3"]
[White "Prutskov, Aleksei"]
[Black "Vashchilov, Sergey"]
[Result "0-1"]
[WhiteElo "1850"]
[BlackElo "2096"]
[PlyCount "110"]
[EventDate "2023.01.19"]
[EventType "swiss"]
[EventRounds "9"]
[EventCountry "BLR"]
[SourceTitle "CBM 212 Extra"]
[Source "ChessBase"]
[SourceDate "2023.03.31"]
[SourceVersion "1"]
[SourceVersionDate "2023.03.31"]
[SourceQuality "1"]

1. d4 d5 2. Nf3 Nf6 3. c4 e6 4. Nc3 dxc4 5. e3 a6 6. a4 b6 7. Bxc4 Bb7 8. 0-0 Nbd7 9. Qe2 Bb4 10. Rd1 Qe7 11. Bd3 c5 12. Na2 Ba5 13. dxc5 bxc5 14. e4 h6 15. Bf4 e5 16. Bg3 Nh5 17. Nc3 Nxg3 18. hxg3 Nf6 19. Nd2 0-0 20. Nc4 Qc7 21. g4 Rfd8 22. f3 Bb4 23. Qf2 Rd4 24. Ne2 Rd7 25. Qg3 Re8 26. g5 hxg5 27. Qxg5 Nh7 28. Qh5 Re6 29. Kf2 Rde7 30. Qh2 Rh6 31. Qg1 Ng5 32. Bc2 Rf6 33. Ke3 Ne6 34. Rac1 Nd4 35. Bb1 Bc6 36. Qh2 Rh6 37. Qg3 Rg6 38. Qh2 Bxa4 39. Rh1 Rh6 40. Qg3 Kh7 41. Rxh6+ gxh6 42. Rh1 Re6 43. Nc3 Bxc3 44. bxc3 Nb5 45. Kf2 Nxc3 46. f4 Nxb1 47. f5 Rf6 48. Rxb1 Bc2 49. Re1 Qd7 50. Nxe5 Qd4+ 51. Kf3 Bxe4+ 52. Rxe4 Rxf5+ 53. Rf4 Qxe5 54. Rxf5 Qxf5+ 55. Ke2 c4 0-1

[Event "BLR-ch"]
[Site "Minsk"]
[Date "2023.01.12"]
[Round "4"]
[White "Nikitenko, Mihail"]
[Black "Vashchilov, Sergey"]
[Result "1-0"]
[WhiteElo "2507"]
[BlackElo "2096"]
[PlyCount "59"]
[EventDate "2023.01.09"]
[EventType "tourn"]
[EventRounds "9"]
[EventCountry "BLR"]
[EventCategory "4"]
[SourceTitle "CBM 212 Extra"]
[Source "ChessBase"]
[SourceDate "2023.03.31"]
[SourceVersion "1"]
[SourceVersionDate "2023.03.31"]
[SourceQuality "1"]

1. e4 e6 2. d4 d5 3. Nd2 Nc6 4. Ngf3 Nf6 5. e5 Nd7 6. Bd3 Nb4 7. Be2 c5 8. c3 Nc6 9. 0-0 Be7 10. Re1 0-0 11. Nf1 a6 12. Ng3 b5 13. Bd3 Re8 14. Nh5 c4 15. Bc2 a5 16. Nxg7 Kxg7 17. Qd2 Rh8 18. Qh6+ Kg8 19. Ng5 Nf8 20. Re3 Ng6 21. Rf3 Bxg5 22. Bxg5 Qf8 23. Qh5 f5 24. exf6 Qf7 25. Bh6 e5 26. Bg7 e4 27. Rg3 Be6 28. f3 Nf4 29. Bh6+ Ng6 30. fxe4 1-0

[Event "BLR-ch"]
[Site "Minsk"]
[Date "2023.01.09"]
[Round "1"]
[White "Vashchilov, Sergey"]
[Black "Alishevich, Aleksandr Vl"]
[Result "1-0"]
[WhiteElo "2096"]
[BlackElo "2070"]
[PlyCount "71"]
[EventDate "2023.01.09"]
[EventType "tourn"]
[EventRounds "9"]
[EventCountry "BLR"]
[EventCategory "4"]
[SourceTitle "CBM 212 Extra"]
[Source "ChessBase"]
[SourceDate "2023.03.31"]
[SourceVersion "1"]
[SourceVersionDate "2023.03.31"]
[SourceQuality "1"]

1. d4 e6 2. Nf3 Nf6 3. Bf4 d5 4. e3 c5 5. c3 Nc6 6. Nbd2 Bd6 7. Ne5 Qc7 8. Bb5 0-0 9. Bxc6 bxc6 10. 0-0 Rb8 11. Qc2 Nh5 12. Nd3 Nxf4 13. exf4 c4 14. Ne5 f6 15. Nef3 Bxf4 16. Rfe1 Bd6 17. Nf1 e5 18. h3 e4 19. N3d2 f5 20. b3 cxb3 21. axb3 f4 22. c4 Qf7 23. c5 Bc7 24. Rxa7 f3 25. g3 Bxh3 26. Ne3 Qg6 27. Nxe4 Bf4 28. Nd6 Qg5 29. Nf1 Qh5 30. gxf4 Bxf1 31. Ree7 Qg4+ 32. Kxf1 Qg2+ 33. Ke1 Qg1+ 34. Kd2 Qxf2+ 35. Kc3 Kh8 36. Qxf2 1-0

[Event "Orsha op"]
[Site "Orsha"]
[Date "2021.04.07"]
[Round "4"]
[White "Piatrenka, Ivan"]
[Black "Vashchilov, Sergey"]
[Result "1/2-1/2"]
[WhiteElo "1752"]
[BlackElo "2172"]
[PlyCount "74"]
[EventDate "2021.04.06"]
[EventType "swiss"]
[EventRounds "9"]
[EventCountry "BLR"]
[SourceTitle "CBM 202 Extra"]
[Source "ChessBase"]
[SourceDate "2021.07.31"]
[SourceVersion "1"]
[SourceVersionDate "2021.07.31"]
[SourceQuality "1"]

1. d4 e6 2. c4 Nf6 3. Nc3 Bb4 4. e3 b6 5. Bd3 Bb7 6. Nf3 0-0 7. 0-0 d6 8. Qc2 c5 9. a3 Bxc3 10. Qxc3 Ne4 11. Qc2 f5 12. Nd2 Nf6 13. b4 Nbd7 14. Bb2 Qe8 15. d5 g6 16. dxe6 Qxe6 17. Rfe1 Ne5 18. Be2 Rf7 19. bxc5 bxc5 20. h3 Bc6 21. f4 Ned7 22. Bf3 Bxf3 23. Nxf3 h6 24. Rac1 Kh7 25. Ba1 Rb8 26. Kh2 Ne4 27. Nd2 Ndf6 28. Nxe4 Nxe4 29. Rb1 Rfb7 30. Rxb7+ Rxb7 31. Rb1 Qe7 32. Rxb7 Qxb7 33. Qa4 Qe7 34. Qc6 g5 35. Qc8 Kg6 36. Qg8+ Kh5 37. Qc8 Kg6 1/2-1/2

[Event "EU-ch Online 2300+ Final"]
[Site "Chess.com INT"]
[Date "2020.05.30"]
[Round "5"]
[White "Karaoglan, Doruk"]
[Black "Vashchilov, Sergey"]
[Result "1-0"]
[WhiteElo "2230"]
[BlackElo "2176"]
[PlyCount "73"]
[EventDate "2020.05.30"]
[EventType "swiss"]
[EventRounds "8"]
[EventCountry "NET"]
[SourceTitle "CBM 196 Extra"]
[Source "ChessBase"]
[SourceDate "2020.07.31"]
[SourceVersion "1"]
[SourceVersionDate "2020.07.31"]
[SourceQuality "1"]

1. e4 e6 2. d4 d5 3. Nd2 Nc6 4. Ngf3 Nf6 5. e5 Nd7 6. Nb3 a5 7. a4 b6 8. Be2 Ba6 9. Bxa6 Rxa6 10. 0-0 Be7 11. c3 Ra8 12. Ne1 f6 13. exf6 Bxf6 14. f4 0-0 15. Nd3 Qe8 16. Nd2 Ne7 17. Nf3 Qg6 18. Qe2 Qf5 19. Re1 Kf7 20. Ng5+ Bxg5 21. fxg5 Kg8 22. Qxe6+ Rf7 23. Qxf5 Nxf5 24. Nf4 c6 25. g6 hxg6 26. Nxg6 Kh7 27. Nf4 Nf6 28. Ne6 Re7 29. Ng5+ Kg6 30. Rxe7 Nxe7 31. Bf4 Kf5 32. Rf1 Ng6 33. Bc1+ Kg4 34. h3+ Kg3 35. Ne6 Nh5 36. Rf3+ Kh4 37. Bg5# 1-0

[Event "EU-ch Online 2300+ Final"]
[Site "Chess.com INT"]
[Date "2020.05.30"]
[Round "3"]
[White "Vashchilov, Sergey"]
[Black "Efimov, Igor"]
[Result "0-1"]
[WhiteElo "2176"]
[BlackElo "2409"]
[PlyCount "122"]
[EventDate "2020.05.30"]
[EventType "swiss"]
[EventRounds "8"]
[EventCountry "NET"]
[SourceTitle "CBM 196 Extra"]
[Source "ChessBase"]
[SourceDate "2020.07.31"]
[SourceVersion "1"]
[SourceVersionDate "2020.07.31"]
[SourceQuality "1"]

1. e4 c5 2. Nf3 Nc6 3. Bb5 Nf6 4. Nc3 e5 5. Bxc6 dxc6 6. Nxe5 Nxe4 7. Qe2 Nxc3 8. dxc3 Be6 9. Be3 Be7 10. Rd1 Qa5 11. a3 0-0 12. 0-0 Rfe8 13. f4 Bf6 14. Qf2 Qb5 15. b3 c4 16. a4 Qa5 17. b4 Qc7 18. Bd4 Bd5 19. Qg3 a5 20. b5 c5 21. Ng4 Bxd4+ 22. cxd4 Kh8 23. dxc5 Qxc5+ 24. Qf2 Qxf2+ 25. Rxf2 Be4 26. Rd4 Bf5 27. Ne5 f6 28. Nxc4 Re1+ 29. Rf1 Re2 30. Nxa5 h6 31. Nxb7 Be4 32. Rfd1 Bxb7 33. Rd8+ Kh7 34. Rxa8 Bxa8 35. Rd8 Be4 36. Rb8 Rxg2+ 37. Kf1 Rxc2 38. a5 Rxh2 39. Ke1 Ra2 40. a6 Bd3 41. Kd1 Kg6 42. Rb7 Bxb5 43. Rxb5 Rxa6 44. Ke2 Ra3 45. Kf2 h5 46. Rc5 h4 47. Kg2 Kh6 48. Kf2 Ra2+ 49. Kf3 h3 50. Kg3 h2 51. Rc1 Kh5 52. Rc5+ f5 53. Rc1 Rb2 54. Rd1 g5 55. fxg5 Kxg5 56. Rh1 f4+ 57. Kf3 Kh4 58. Kxf4 Rf2+ 59. Ke3 Kg3 60. Rc1 Rg2 61. Rh1 Rg1 0-1

[Event "EU-ch Online 2300+ Qual"]
[Site "Chess.com INT"]
[Date "2020.05.29"]
[Round "4"]
[White "Cyfka, Karina"]
[Black "Vashchilov, Sergey"]
[Result "0-1"]
[WhiteElo "2411"]
[BlackElo "2176"]
[PlyCount "168"]
[EventDate "2020.05.29"]
[EventType "swiss"]
[EventRounds "8"]
[EventCountry "NET"]
[SourceTitle "CBM 196 Extra"]
[Source "ChessBase"]
[SourceDate "2020.07.31"]
[SourceVersion "1"]
[SourceVersionDate "2020.07.31"]
[SourceQuality "1"]

1. d4 d5 2. Nf3 Nf6 3. Bf4 c5 4. e3 Nc6 5. c3 Qb6 6. Qb3 c4 7. Qc2 Bf5 8. Qc1 Nh5 9. Bg3 Nxg3 10. hxg3 h6 11. Nbd2 e6 12. e4 Bh7 13. e5 Be7 14. Be2 Qc7 15. Nf1 b5 16. Ne3 b4 17. 0-0 bxc3 18. bxc3 Qa5 19. Bd1 Qa3 20. Qd2 Rb8 21. Bc2 Rb2 22. Rac1 Rxa2 23. Rb1 Bd3 24. Rfc1 0-0 25. Ne1 Bg6 26. f4 Be4 27. Nd1 Na5 28. Qe3 Nb3 29. Bxe4 Nxc1 30. Bc2 Nd3 31. Bxd3 cxd3 32. Qxd3 Ra1 33. Kh2 Rxb1 34. Qxb1 Qa6 35. f5 exf5 36. Ne3 Bg5 37. Nxf5 Qf1 38. Nd6 Bd2 39. Qb7 Qxe1 40. Qxd5 Bxc3 41. Nf5 Bb4 42. Qf3 Qd2 43. d5 a5 44. d6 a4 45. Qg4 Qg5 46. Ne7+ Kh8 47. Qxb4 Qxe5 48. Nc6 Qh5+ 49. Kg1 Qd1+ 50. Kh2 Rc8 51. Ne7 Rd8 52. Nf5 Qh5+ 53. Nh4 Qd5 54. Qxa4 Qxd6 55. Qg4 Qf6 56. Nf3 g6 57. Qb4 Kg7 58. Qa5 Rd6 59. Qc5 Re6 60. Qc4 Rc6 61. Qd3 Rc1 62. Qe3 Rd1 63. Qe2 Rd5 64. Qe4 Rh5+ 65. Kg1 Qb6+ 66. Kf1 Rh1+ 67. Ke2 Qe6 68. Qxe6 fxe6 69. Nd4 Kf6 70. Kf2 Rd1 71. Ne2 Rd5 72. Nc3 Rf5+ 73. Ke3 Ke5 74. g4 Rf4 75. g5 hxg5 76. Ne2 Re4+ 77. Kf3 Rxe2 78. Kxe2 Kf4 79. Kf2 g4 80. g3+ Ke4 81. Ke2 g5 82. Kf2 Kd3 83. Kf1 Kd2 84. Kf2 e5 0-1

[Event "EU-ch Online U2300 Final"]
[Site "Chess.com INT"]
[Date "2020.05.26"]
[Round "3"]
[White "Reizniece Ozola, Dana"]
[Black "Vashchilov, Sergey"]
[Result "1/2-1/2"]
[WhiteElo "2311"]
[BlackElo "2176"]
[PlyCount "186"]
[EventDate "2020.05.26"]
[EventType "swiss"]
[EventRounds "8"]
[EventCountry "NET"]
[SourceTitle "CBM 196 Extra"]
[Source "ChessBase"]
[SourceDate "2020.07.31"]
[SourceVersion "1"]
[SourceVersionDate "2020.07.31"]
[SourceQuality "1"]

1. c4 e6 2. g3 d5 3. b3 Nf6 4. Bg2 Be7 5. Nf3 0-0 6. 0-0 a5 7. Nc3 c6 8. e3 Nbd7 9. Bb2 Rb8 10. Qc2 b6 11. d3 Ba6 12. a4 Rc8 13. e4 Qc7 14. Rfe1 Rfd8 15. Rad1 Bb4 16. Re2 h6 17. e5 Ne8 18. h4 Nc5 19. Na2 Nd7 20. Nxb4 axb4 21. Ra1 Qb7 22. a5 bxa5 23. Rxa5 Qb6 24. Ra1 Ra8 25. Bd4 c5 26. Be3 Bb7 27. Ree1 d4 28. Bf4 Ra3 29. Rxa3 bxa3 30. Ra1 Ra8 31. Bc1 Qb4 32. Bd2 Qb6 33. Bc1 Qc7 34. Rxa3 Rxa3 35. Bxa3 Nxe5 36. Nxe5 Bxg2 37. Kxg2 Qxe5 38. b4 cxb4 39. Bxb4 g5 40. hxg5 hxg5 41. c5 g4 42. c6 Qd5+ 43. Kh2 Qf3 44. Ba5 Nd6 45. c7 Kg7 46. Kg1 Kg6 47. Be1 Qb7 48. Qc5 Nc8 49. Qxd4 Qxc7 50. Qxg4+ Kf6 51. Bd2 Ke7 52. Bg5+ f6 53. Bf4 e5 54. Qg7+ Kd6 55. Qf8+ Kd5 56. Be3 Qc6 57. Qf7+ Qe6 58. Qb7+ Qc6 59. Qb3+ Kd6 60. Qb4+ Kd7 61. Qg4+ Qe6 62. Qa4+ Qc6 63. Qb3 Ne7 64. Qf7 Qd6 65. Kg2 Qd5+ 66. Qxd5+ Nxd5 67. Kf3 Ke6 68. Bd2 Ne7 69. g4 Nd5 70. Ke4 Ne7 71. f4 exf4 72. Kxf4 Nd5+ 73. Ke4 Ne7 74. Bf4 Nd5 75. d4 Nc3+ 76. Kf3 Nd5 77. Ke4 Nc3+ 78. Kd3 Nd5 79. Bg3 Ne7 80. Bf4 Nd5 81. Bd2 Ne7 82. Ke4 Nd5 83. g5 fxg5 84. Bxg5 Nb4 85. Bd2 Nd5 86. Be1 Nf6+ 87. Kf4 Kd5 88. Bf2 Ne4 89. Be3 Nc3 90. Bg1 Ne2+ 91. Kf3 Nxg1+ 92. Kg2 Ne2 93. Kf2 Nxd4 1/2-1/2

[Event "EU-ch Online U2300 Final"]
[Site "Chess.com INT"]
[Date "2020.05.26"]
[Round "5"]
[White "Vashchilov, Sergey"]
[Black "Budisavljevic, Luka"]
[Result "0-1"]
[WhiteElo "2176"]
[BlackElo "2444"]
[PlyCount "86"]
[EventDate "2020.05.26"]
[EventType "swiss"]
[EventRounds "8"]
[EventCountry "NET"]
[SourceTitle "CBM 196 Extra"]
[Source "ChessBase"]
[SourceDate "2020.07.31"]
[SourceVersion "1"]
[SourceVersionDate "2020.07.31"]
[SourceQuality "1"]

1. e4 c5 2. Nf3 e6 3. b3 a6 4. Bb2 Nc6 5. g3 d5 6. e5 Nge7 7. Bg2 Nf5 8. 0-0 Be7 9. d3 h5 10. h3 Qc7 11. Re1 b6 12. Nbd2 Bb7 13. a3 g5 14. Rc1 a5 15. c4 d4 16. Ne4 g4 17. hxg4 hxg4 18. Nh2 Nxe5 19. Nxg4 Nxg4 20. Qxg4 0-0-0 21. b4 Rdg8 22. Qe2 Nd6 23. bxc5 bxc5 24. Rb1 Nxe4 25. dxe4 Rh6 26. Bc1 Rh7 27. Rxb7 Qxb7 28. e5 Qc7 29. Bd2 Bg5 30. f4 Bd8 31. Qf3 Kd7 32. Rb1 Ke8 33. Rb7 Qc8 34. Qb3 Kf8 35. Rb8 Qd7 36. Bxa5 Kg7 37. Qf3 Kh8 38. Qa8 d3 39. Rxd8 Rxd8 40. Qxd8+ Qxd8 41. Bxd8 f5 42. Bf6+ Kg8 43. Bf3 Ra7 0-1

[Event "EU-ch Online U2300 Qual"]
[Site "Chess.com INT"]
[Date "2020.05.25"]
[Round "7"]
[White "Vashchilov, Sergey"]
[Black "Mica, Marek"]
[Result "1/2-1/2"]
[WhiteElo "2176"]
[BlackElo "2324"]
[PlyCount "142"]
[EventDate "2020.05.25"]
[EventType "swiss"]
[EventRounds "8"]
[EventCountry "NET"]
[SourceTitle "EXT 2021"]
[Source "ChessBase"]
[SourceDate "2020.10.23"]
[SourceVersion "1"]
[SourceVersionDate "2020.10.23"]
[SourceQuality "1"]

1. e4 c6 2. d4 d5 3. e5 Bf5 4. Ne2 e6 5. Ng3 Bg6 6. h4 h5 7. Bd3 Bxd3 8. cxd3 g6 9. Nd2 Ne7 10. Nf3 c5 11. Qa4+ Qd7 12. Qxd7+ Nxd7 13. dxc5 Nxc5 14. d4 Nd3+ 15. Ke2 Nxc1+ 16. Rhxc1 Nc6 17. a3 Bh6 18. Rc5 Kd7 19. b4 Rhc8 20. Kd3 Rc7 21. Ra2 Rac8 22. Rac2 b6 23. R5c3 a6 24. Ne2 Na7 25. Rxc7+ Rxc7 26. Rxc7+ Kxc7 27. Nc3 Bc1 28. Na2 Bh6 29. Nc3 Nc6 30. Kc2 Ne7 31. g3 Nc8 32. Na4 Na7 33. Nc3 Kc6 34. Kb3 b5 35. a4 Nc8 36. a5 Ne7 37. Ne2 Kd7 38. Ne1 Nc6 39. Nd3 Bf8 40. f4 Be7 41. Nc5+ Bxc5 42. dxc5 Ne7 43. Nd4 Kc7 44. Kc3 Ng8 45. Kd3 Nh6 46. Ke3 Ng4+ 47. Ke2 Kb7 48. Nf3 Nh6 49. Ng5 Kc7 50. Kd3 Kd7 51. Ke2 Ke7 52. Nf3 Nf5 53. Kf2 Kd7 54. Ng5 Nh6 55. Nf3 Ng4+ 56. Ke2 Nh6 57. Nd4 Kc7 58. Kf3 Nf5 59. Nxf5 gxf5 60. Ke3 Kd7 61. Kd4 Kc6 62. Kd3 Kc7 63. Kd4 Kd7 64. Kd3 Ke7 65. Kd4 Kd8 66. Kd3 Kc8 67. Kd4 Kb8 68. Kd3 Kb7 69. Kd4 Kc6 70. Kd3 Kb7 71. Kd4 Kc6 1/2-1/2

[Event "EU-ch Online U2300 Qual"]
[Site "Chess.com INT"]
[Date "2020.05.25"]
[Round "6"]
[White "Vashchilov, Sergey"]
[Black "Sirosh, Ilja"]
[Result "1-0"]
[WhiteElo "2176"]
[BlackElo "2405"]
[PlyCount "137"]
[EventDate "2020.05.25"]
[EventType "swiss"]
[EventRounds "8"]
[EventCountry "NET"]
[SourceTitle "EXT 2021"]
[Source "ChessBase"]
[SourceDate "2020.10.23"]
[SourceVersion "1"]
[SourceVersionDate "2020.10.23"]
[SourceQuality "1"]

1. e4 e5 2. Nf3 Nc6 3. d4 exd4 4. Nxd4 Nf6 5. Nc3 Bb4 6. Nxc6 bxc6 7. Bd3 0-0 8. 0-0 Re8 9. Bg5 h6 10. Bh4 g5 11. Bg3 Bxc3 12. bxc3 Nxe4 13. Re1 d5 14. Bxe4 dxe4 15. Qxd8 Rxd8 16. Rxe4 f5 17. Bxc7 Rd7 18. Re8+ Kf7 19. Rh8 Rxc7 20. Rh7+ Ke6 21. Rxc7 Kd6 22. Rh7 Ba6 23. Re1 Bc4 24. a3 a5 25. Rxh6+ Kc5 26. Re5+ Bd5 27. Rxf5 Rb8 28. h3 Rb1+ 29. Kh2 Ra1 30. Rxg5 Rxa3 31. Rg3 Ra2 32. c4 Kxc4 33. Rh4+ Kb5 34. Rc3 a4 35. Rg4 Ra1 36. h4 a3 37. h5 a2 38. Ra3 Rc1 39. c4+ Bxc4 40. Rxc4 Rxc4 41. Rxa2 Rh4+ 42. Kg3 Rxh5 43. Kg4 Rh8 44. f4 Kb4 45. f5 Kb3 46. Ra5 Rg8+ 47. Kf3 Kb4 48. Ra1 c5 49. g4 Kb3 50. f6 Kb2 51. Ra6 c4 52. Kf4 Rc8 53. Rb6+ Ka2 54. g5 c3 55. Re6 c2 56. Re2 Kb3 57. Rxc2 Rxc2 58. g6 Kc4 59. g7 Rg2 60. Ke5 Rg5+ 61. Ke6 Kd4 62. f7 Rg6+ 63. Kf5 Rxg7 64. f8Q Rd7 65. Ke6 Rb7 66. Qd6+ Ke3 67. Qe5+ Kf2 68. Qf4+ Kg1 69. Qg3+ 1-0

[Event "Minsk Bronstein Memorial op"]
[Site "Minsk"]
[Date "2020.02.23"]
[Round "7"]
[White "Tsaruk, Maksim"]
[Black "Vashchilov, Sergey"]
[Result "1-0"]
[WhiteElo "2309"]
[BlackElo "2127"]
[PlyCount "87"]
[EventDate "2020.02.22"]
[EventType "swiss (rapid)"]
[EventRounds "10"]
[EventCountry "BLR"]
[SourceTitle "CBM 195 Extra"]
[Source "ChessBase"]
[SourceDate "2020.05.31"]
[SourceVersion "1"]
[SourceVersionDate "2020.05.31"]
[SourceQuality "1"]

1. e4 e6 2. d4 d5 3. Nd2 Nc6 4. Ngf3 Nf6 5. e5 Nd7 6. Bd3 f6 7. exf6 Qxf6 8. Nf1 Bd6 9. Ne3 0-0 10. 0-0 h6 11. c3 Kh8 12. Re1 Qf7 13. Ng4 Qh5 14. h3 Nf6 15. Nfe5 Bxe5 16. dxe5 Nxg4 17. hxg4 Qf7 18. f3 g5 19. b3 Bd7 20. c4 Ne7 21. Ba3 c6 22. Qc2 Rac8 23. Qf2 b6 24. cxd5 cxd5 25. Ba6 Rc7 26. Bd6 Rc3 27. Qb2 Rcc8 28. Bxc8 Rxc8 29. Bxe7 Qxe7 30. Rac1 Rc5 31. Qd4 Be8 32. Rc3 Rxc3 33. Qxc3 Kg7 34. Rc1 Bf7 35. b4 Qb7 36. b5 Qe7 37. a4 Qf8 38. Ra1 Qb8 39. Kf2 Kg8 40. Rc1 Kg7 41. Qc7 Qf8 42. Qd6 Qe8 43. Rc7 Kg6 44. Qe7 1-0

[Event "Minsk Bronstein Memorial op"]
[Site "Minsk"]
[Date "2020.02.22"]
[Round "3"]
[White "Vashchilov, Sergey"]
[Black "Khomich, Maryna"]
[Result "1-0"]
[WhiteElo "2127"]
[BlackElo "1437"]
[PlyCount "81"]
[EventDate "2020.02.22"]
[EventType "swiss (rapid)"]
[EventRounds "10"]
[EventCountry "BLR"]
[SourceTitle "CBM 195 Extra"]
[Source "ChessBase"]
[SourceDate "2020.05.31"]
[SourceVersion "1"]
[SourceVersionDate "2020.05.31"]
[SourceQuality "1"]

1. e4 c6 2. d4 d5 3. e5 Bf5 4. Ne2 e6 5. Ng3 Ne7 6. Bd3 Bxd3 7. Qxd3 Nd7 8. 0-0 c5 9. c3 Nc6 10. a3 Be7 11. Be3 0-0 12. Nd2 Rb8 13. f4 f5 14. exf6 Rxf6 15. Nf3 b5 16. Ng5 Rg6 17. Nf3 Rf6 18. Rae1 h6 19. Bc1 cxd4 20. cxd4 Na5 21. Nh5 Qb6 22. Nxf6+ Nxf6 23. f5 Ne4 24. fxe6 Qxe6 25. Nd2 Bf6 26. Nxe4 dxe4 27. Qxe4 Qb6 28. Rd1 Rd8 29. Be3 Nc4 30. Bf2 Nxb2 31. d5 Qa5 32. Bd4 Nxd1 33. Bxf6 gxf6 34. Qg6+ Kh8 35. Qxh6+ Kg8 36. Qg6+ Kh8 37. Qxf6+ Kg8 38. Qg5+ Kh8 39. Rxd1 Qb6+ 40. Kh1 Rd6 41. Rf1 1-0